00359nam a22001217a 4500003000500000005001700005008004100022040000800063082001200071245011000083260002500193300001900218Nust20170223100915.0170223b xxu||||| |||| 00| 0 eng d cDLC a320 GHA aHow Governments Work : A Ramble Through the Philosophy and Practice of Government/cGhaffaar, Muzaffar A. aLahore :b2004c2004 a246p. ;c23 cm